Statistiken für Wer malte dieses Gemälde

Klicken Sie hier um das Quiz zu spielen!

Allgemein

  • Dieses Quiz wurde 315 mal gespielt
  • Das Durchschnittsergebnis liegt bei 8 aus 20

Antwortstatistiken

Antwort% Korrekt
Vincent van Gogh
91%
Leonardo da Vinci
77%
Michelangelo
75%
Edvard Munch
70%
Gustav Klimt
58%
Albrecht Dürer
54%
Claude Monet
53%
Rembrandt van Rijn
52%
Caspar David Friedrich
50%
Johannes Vermeer
42%
Wassily Kandinsky
32%
Hieronymus Bosch
27%
Piet Mondrian
25%
Raffael
24%
Peter Paul Rubens
23%
Eugène Delacroix
22%
Francisco Goya
17%
Pierre-Auguste Renoir
13%
Diego Velázquez
5%
Kasimir Malewitsch
5%

Verteilung der Resultate

Perzentil nach korrekt beantworteten Fragen

Anzahl Personen mit jedem Resultat

Ihre Resultats-Entwicklung

Sie haben dieses Quiz noch nicht gespielt